"From now on" lyrics - Statistics

General Stats
  • This quiz has been taken 6 times
  • The average score is 248 of 291
Answer Stats
Answer % Correct
- A
100%
- an
100%
- and
100%
- | X3 And
100%
- anthem
100%
- back
100%
- be
100%
- blinded
100%
- by
100%
come
100%
- eyes
100%
- from
100%
- | X3 From
100%
- heart
100%
home
100%
- Home
100%
- I
100%
- in
100%
- it
100%
- It
100%
- lights
100%
- like
100%
- my
100%
- not
100%
| - now
100%
| - on
100%
- promise
100%
- start
100%
- that
100%
- the
100%
- The
100%
- these
100%
- to
100%
- tomorrow
100%
- tonight
100%
- will
100%
- again
83%
- can
83%
- champagne
83%
- drank
83%
- kings
83%
- Let
83%
- let
83%
- me
83%
- name
83%
- politicians
83%
- queens
83%
- starts
83%
- this
83%
- till
83%
- was
83%
we
83%
- what's
83%
- when
83%
- who
83%
- with
83%
- you
83%
- all
67%
- But
67%
- 'Cause
67%
- for
67%
- For
67%
- if
67%
- man
67%
- of
67%
- praised
67%
- saw
67%
- see
67%
- waited
67%
- always
50%
- became
50%
- begin
50%
- chased
50%
- cold
50%
- dreams
50%
- felt
50%
- here
50%
- him
50%
- is
50%
- learns
50%
- led
50%
- lost
50%
- more
50%
- needing
50%
- only
50%
- remember
50%
- stop
50%
- sun
50%
- their
50%
- there
50%
- those
50%
- true
50%
- wind
50%
- won't
50%
- years
50%
- blow
33%
- cheers
33%
- crazy
33%
- dim
33%
- else's
33%
- fades
33%
- glitter
33%
- hold
33%
- one
33%
- remains
33%
- someone
33%
- walls
33%
- are
17%
- pitfalls
17%
- speed
17%
- then
17%
- winter
17%
- rubble
0%
No matching quizzes found
Score Distribution
Percent of People with Each Score
Percentile by Number Answered
Your Score History
You have not taken this quiz